Kualiti hidup Malaysia = Malaysian quality of life 2002.

Bibliographic Details
Format: Book
Published: Kuala Lumpur: Unit Perancang Ekonomi, 2002.
Subjects:
LEADER 00563cam a2200181 7i4500
001 0000046561
005 20151104090000.0
005 ##20151104160400.0
003 ##MY-KlINT
020 # # |a 01288504  
039 # 9 |y 201511041604  |z VLOAD 
090 0 0 |a 306.09595 KHM  
245 0 0 |a Kualiti hidup Malaysia = Malaysian quality of life 2002. 
260 # # |a Kuala Lumpur:   |b Unit Perancang Ekonomi,   |c 2002. 
300 # # |a 160p:   |b ill;   |c 30cm. 
650 # 0 |a Malaysia --   |x Social conditions  
650 # 0 |a Malaysia --   |x Economic conditions  
650 # 0 |a Quality of Life --   |x Periodicals --   |z Malaysia